| 000 | 00452nam a2200193Ia 4500 | ||
|---|---|---|---|
| 003 | OSt | ||
| 005 | 20250228144157.0 | ||
| 008 | 210210b1972 xxu||||| |||| 00| 0 eng d | ||
| 040 | _cAL | ||
| 041 | _aEnglish | ||
| 082 | _a330 SUNE | ||
| 100 |
_aSUNDHARAM (K P M). _9203032 |
||
| 245 | _aElementary economics. | ||
| 260 |
_aDelhi _bRamchand & Co. _c1972 |
||
| 300 | _a508 | ||
| 690 |
_aEconomic Theory _9203033 |
||
| 906 | _a030195 | ||
| 942 |
_2ddc _cBK |
||
| 999 |
_c81382 _d81382 |
||